00499nam a22001937a 450000500170000001000130001702000100003003500130004003700160005304000120006908200110008110000180009224500350011026000350014527000610018030000210024165000240026265000190028620170124110115.0 aA-705516 c00.00 aA-705516 bCen Lib/Ret aDPLbEN aNbBAN aBanker, Ashok aByculla boy /cby Ashok Banker bPenguin Booksc1994aNew Delhi a210, Chiranjiv Tower, 43, Nehru PlacebNew Delhie110019 a229p. c19cm(Hb) aLiteraturexFiction aEnglish novel